[Event "Berlin op 08"]
[Site "Berlin"]
[Date "2005.08.27"]
[Round "1"]
[White "Tong, Lukas Fabian Chuan"]
[Black "Mahnkopf, Maxim Julius"]
[Result "1-0"]
[WhiteElo "1302"]
[BlackElo "786"]
[PlyCount "33"]
[EventDate "2005.08.27"]
[EventType "swiss"]
[EventRounds "7"]
[EventCountry "GER"]
[SourceTitle "EXT 2007"]
[Source "ChessBase"]
[SourceDate "2006.11.23"]
[SourceVersion "1"]
[SourceVersionDate "2006.11.23"]
[SourceQuality "1"]

1. d4 Nf6 2. c4 c5 3. e3 Nc6 4. Nf3 d5 5. Nc3 e6 6. Bd3 dxc4 7. Bxc4 cxd4 8. exd4 Bb4 9. 0-0 b5 10. Bxb5 Bd7 11. Qa4 Bxc3 12. Bxc6 Rc8 13. Bxd7+ Nxd7 14. bxc3 Rxc3 15. Qb4 Qc8 16. Ba3 Rc4 17. Qe7# 1-0